MARC

LEADER 00000n m0a2200000 4500
001 331303
005 20231102004337.0
035 |a (RuTPU)RU\TPU\book\357118 
090 |a 331303 
100 |a 20170420d1967 km y0rusy50 ca 
101 0 |a rus 
102 |a RU 
105 |a a z 001zy 
200 1 |a Загрузка доменных печей  |f В. П. Тарасов 
210 |a Москва  |c Металлургия  |d 1967 
215 |a 127 с.  |c ил. 
320 |a Библиогр.: с. 125-127 
606 1 |a Доменные печи  |x Загрузка  |2 stltpush  |3 (RuTPU)RU\TPU\subj\9927  |9 37078 
610 1 |a шихта 
610 1 |a засыпные устройства 
610 1 |a газовые потоки 
610 1 |a конструкции 
610 1 |a сырые материалы 
610 1 |a эксплуатация 
610 1 |a количественное распределение 
610 1 |a испытания 
675 |a 669.162.24  |v 4 
700 1 |a Тарасов  |b В. П.  |g Владимир Петрович 
801 1 |a RU  |b 63413507  |c 20170420 
801 2 |a RU  |b 63413507  |c 20200826  |g RCR 
942 |c BK